=LDR 00000nam 2200000 4500 =001 INLIS000000000013393 =005 20130612104808 =008 ***********************************Ind** =035 ##$$0010-061300000013393 =041 ##$$a Ind =082 ##$$a F Rom K =090 ##$$a F Rom k, And u =100 ##$$a Andio, Tirry =245 ##$$a Untuk massa depan anak bangsa, Tirry Andio =260 ##$$a 2001 $b Jakarta =300 ##$$a 64 hlm, Ilus, 21 cm =650 ##$$a Fiksi Kanak- Kanak =850 ##$$a NBPNMAT